[Event "Ufa-ch sf1"]
[Site "Ufa"]
[Date "2012.01.26"]
[Round "6"]
[White "Akhmetov, Artur"]
[Black "Karimov, Farid"]
[Result "1-0"]
[WhiteElo "1906"]
[BlackElo "2013"]
[PlyCount "107"]
[EventDate "2012.01.21"]
[EventType "swiss"]
[EventRounds "9"]
[EventCountry "RUS"]
[SourceTitle "EXT 2014"]
[Source "ChessBase"]
[SourceDate "2013.11.20"]
[SourceVersion "1"]
[SourceVersionDate "2013.11.20"]
[SourceQuality "1"]

1. d4 f5 2. c4 e6 3. Nf3 Nf6 4. e3 d5 5. cxd5 exd5 6. Bd3 Bd6 7. 0-0 0-0 8. Ne5 Bxe5 9. dxe5 Nfd7 10. f4 Nc5 11. Bc2 b6 12. b4 Ne4 13. Bb2 Be6 14. Nd2 Qe7 15. a3 c5 16. Nxe4 fxe4 17. f5 Bf7 18. e6 Bxe6 19. fxe6 Rxf1+ 20. Qxf1 Qxe6 21. Qf4 Nd7 22. Rf1 Rf8 23. Qg5 Rxf1+ 24. Kxf1 Nf6 25. Bxf6 Qxf6+ 26. Qxf6 gxf6 27. Bb3 c4 28. Ba4 Kf7 29. Bd7 Ke7 30. Bf5 h6 31. Ke2 Kd6 32. Kd2 Ke5 33. Bc8 d4 34. Ba6 Kd5 35. Bb7+ Ke5 36. g3 a5 37. Bc6 f5 38. exd4+ Kxd4 39. Bd7 axb4 40. axb4 e3+ 41. Ke2 Ke4 42. Ba4 Kd4 43. Bc2 Kc3 44. Bxf5 Kxb4 45. Kxe3 Kb3 46. g4 c3 47. h4 b5 48. g5 hxg5 49. hxg5 Kb2 50. g6 b4 51. g7 b3 52. g8Q c2 53. Qg7+ Ka2 54. Qc3 1-0

[Event "Ufa-ch sf1"]
[Site "Ufa"]
[Date "2012.01.25"]
[Round "5"]
[White "Akhmetov, Artur"]
[Black "Timofeev, Pavel"]
[Result "0-1"]
[WhiteElo "1906"]
[BlackElo "1852"]
[PlyCount "36"]
[EventDate "2012.01.21"]
[EventType "swiss"]
[EventRounds "9"]
[EventCountry "RUS"]
[SourceTitle "EXT 2014"]
[Source "ChessBase"]
[SourceDate "2013.11.20"]
[SourceVersion "1"]
[SourceVersionDate "2013.11.20"]
[SourceQuality "1"]

1. d4 d5 2. c4 e6 3. Nc3 Nf6 4. Bg5 Be7 5. e3 0-0 6. Nf3 h6 7. Bh4 dxc4 8. Bxc4 a6 9. 0-0 b5 10. Bb3 Bb7 11. Qd3 Nc6 12. a3 b4 13. Ne4 Nxe4 14. Qxe4 Na5 15. Bxe7 Bxe4 16. Bxd8 Nxb3 17. Be7 Nxa1 18. Rxa1 Rfc8 0-1

[Event "Ufa-ch sf1"]
[Site "Ufa"]
[Date "2012.01.22"]
[Round "2"]
[White "Akhmetov, Artur"]
[Black "Darmin, Dmitry"]
[Result "0-1"]
[WhiteElo "1906"]
[BlackElo "2356"]
[PlyCount "58"]
[EventDate "2012.01.21"]
[EventType "swiss"]
[EventRounds "9"]
[EventCountry "RUS"]
[SourceTitle "EXT 2014"]
[Source "ChessBase"]
[SourceDate "2013.11.20"]
[SourceVersion "1"]
[SourceVersionDate "2013.11.20"]
[SourceQuality "1"]

1. d4 Nf6 2. c4 e5 3. d5 Bc5 4. e3 0-0 5. Nf3 d6 6. Nc3 Re8 7. Be2 a5 8. e4 Nbd7 9. 0-0 Nf8 10. h3 Ng6 11. Be3 b6 12. Qd2 Bd7 13. Ne1 Bb4 14. Bd3 Nh5 15. Bc2 Nhf4 16. Nd3 Bxc3 17. bxc3 Qg5 18. Nxf4 exf4 19. Bd4 Bxh3 20. f3 Bd7 21. a4 Ne5 22. Bxe5 Rxe5 23. g4 h5 24. Qg2 hxg4 25. fxg4 Bxg4 26. Rf2 Qh6 27. Qxg4 Rg5 28. Qxg5 Qxg5+ 29. Rg2 Qe5 0-1

[Event "Ufa Kopylov Memorial op 8th"]
[Site "Ufa"]
[Date "2011.12.23"]
[Round "7"]
[White "Akhmetov, Artur"]
[Black "Kolev, Gari"]
[Result "0-1"]
[WhiteElo "1906"]
[BlackElo "2009"]
[PlyCount "102"]
[EventDate "2011.12.17"]
[EventType "swiss"]
[EventRounds "9"]
[EventCountry "RUS"]
[SourceTitle "CBM 146 Extra"]
[Source "ChessBase"]
[SourceDate "2012.02.29"]
[SourceVersion "1"]
[SourceVersionDate "2012.02.29"]
[SourceQuality "1"]

1. d4 Nf6 2. c4 g6 3. Nc3 Bg7 4. e4 d6 5. Nf3 0-0 6. Be3 Nc6 7. Be2 e5 8. d5 Ne7 9. h3 Ne8 10. Qd2 f5 11. Bh6 Nf6 12. Bxg7 Kxg7 13. Bd3 fxe4 14. Nxe4 Nxe4 15. Bxe4 Rf4 16. Qd3 a6 17. 0-0-0 b5 18. c5 Bf5 19. Bxf5 Nxf5 20. c6 Rc4+ 21. Kb1 e4 22. Qd2 exf3 23. gxf3 Rd4 24. Qc3 Qf6 25. Qa5 Rxd1+ 26. Rxd1 Ra7 27. Qb4 Qh4 28. Qc3+ Qf6 29. Qb4 Ra8 30. Qa5 Qf7 31. Qc3+ Kg8 32. Qa5 Nh4 33. f4 Ng2 34. f5 Qxf5+ 35. Ka1 Qf7 36. a3 Nf4 37. Qd2 Nxh3 38. Rh1 Nf4 39. Rd1 h5 40. Qd4 h4 41. Qe4 Re8 42. Qh1 h3 43. Rg1 Re2 44. Qf3 Qf6 45. Rb1 h2 46. Qh1 Rxf2 47. Qe4 Re2 48. Qb4 Nd3 49. Qg4 Qxb2+ 50. Rxb2 h1Q+ 51. Rb1 Qh8+ 0-1

[Event "Ufa Siamidi Memorial"]
[Site "Ufa"]
[Date "2011.10.19"]
[Round "4.7"]
[White "Akhmetov, Artur"]
[Black "Malin, Denis Sergeevich"]
[Result "0-1"]
[WhiteElo "1958"]
[BlackElo "2037"]
[PlyCount "68"]
[EventDate "2011.10.16"]
[EventType "swiss"]
[EventRounds "9"]
[EventCountry "RUS"]
[SourceTitle "EXT 2012"]
[Source "ChessBase"]
[SourceDate "2011.11.24"]
[SourceVersion "1"]
[SourceVersionDate "2011.11.24"]
[SourceQuality "1"]

1. e4 e6 2. d4 d5 3. Nc3 Nf6 4. e5 Nfd7 5. Nf3 c5 6. Be2 Nc6 7. 0-0 cxd4 8. Nxd4 Ndxe5 9. Bb5 Bd7 10. Re1 Be7 11. Bf4 Ng6 12. Bg3 Nxd4 13. Qxd4 Bxb5 14. Nxb5 0-0 15. a4 a6 16. Nc3 Rc8 17. Rad1 Bf6 18. Qb4 Qd7 19. Ne4 Be7 20. Qb3 Qc6 21. Nc3 Bf6 22. h3 Ne7 23. Kh1 Nf5 24. Be5 Bxe5 25. Rxe5 d4 26. Ne4 Qxc2 27. Qxc2 Rxc2 28. g4 Nh4 29. b4 Rd8 30. Rc5 Re2 31. Rxd4 Re1+ 32. Kh2 Nf3+ 33. Kg2 Nxd4 34. Rc7 Rxe4 0-1